00992cam a2200253 a 450000100060000000300080000600500170001400800410003103500190007204000330009104100080012408200260013210000340015824500910019225000170028326000310030030000270033165000390035870000240039794200120042199900170043395201430045095201450059350692BD-RjUL20211209075541.0160828s1951 ii 000 0 eng  a(BD-RjUL)50812 aDLCcCarPdDLCdBD-RjULbeng aeng 223a370.954bNUS 19511 aNurullah, Syedd1898-915177412aA students' history of education in India (1800-1947) /c Syed Nurullah and J. P. Naik a2nd rev. ed. aBombay :bMacmillan,c1951 axiii, 366 p. ;c22 cm. 0aEducationzIndiaxHistory.91195701 aNaik, J. P.9150577 2ddccBK c50692d50692 00102ddc40708NFICaRUCLbRUCLcStackd1957-09-21eSaidullah Khang13.00l0o370.954 NUS 1951r2016-08-28 00:00:00tC-2w2021-12-09yBK 00102ddc40718NFICaRUCLbRUCLcReadingd1957-09-21eSaidullah Khang13.00l0o370.954 NUS 1951r2017-01-17 00:00:00tC-1w2017-01-17yBK